Macmillan dictionary of materials and manufacturing

Bibliographic Details
Format: Book
Published: London : Macmillan , 1990
Series:Macmillan dictionary series
Subjects:

MARC

LEADER 00000cam a2200000 7i4500
001 0000004028
005 20070906093000.0
008 021118n
020 |a 0333455584 
090 0 0 |a TA402   |b .M2 1990 
245 0 0 |a Macmillan dictionary of materials and manufacturing   |c editor, Vernon John 
260 2 |a London :   |b Macmillan ,   |c 1990 
300 |a v, 431 p. ; ;   |c 24 cm. 
440 0 0 |a Macmillan dictionary series 
501 |a "Macmillan references books" 
650 0 |a Manufactures   |x Dictionaries 
650 0 |a Materials   |v Dictionaries 
999 |a 1000052755   |b Book   |c Reference   |e Gong Badak Campus